Euroopan kulttuuripääkaupungit kartalla - Statistics

Yleistilastot
  • Tätä visaa on pelattu 42 kertaa
  • Keskiarvotulos 27 / 74
Vastaukset kartalla
Vastauksille on annettu kartalla punavihreä väri sen mukaan, kuinka moni on saanut sen oikein.
 
Vastaustilastot
% Oikein
Oulu 2026
100%
Helsinki 2000
97%
Tukholma 1998
97%
Tallinna 2011
95%
Turku 2011
92%
Ateena 1985
84%
Kööpenhamina 1996
84%
Reykjavik 2000
81%
Dublin 1991
76%
Madrid 1992
76%
Riika 2014
76%
Vilna 2009
76%
Pariisi 1989
73%
Länsi-Berliini 1988
70%
Lissabon 1994
70%
Amsterdam 1987
68%
Valletta 2018
65%
Istanbul 2010
62%
Praha 2000
62%
Bergen 2000
59%
Bryssel 2000
59%
Porto 2001
54%
Krakova 2000
51%
Marseille 2013
51%
Luxembourg 1995
49%
Luxembourg 2007
49%
Aarhus 2017
43%
Firenze 1986
43%
Liverpool 2008
43%
Tartto 2024
43%
Uumaja 2014
43%
Rotterdam 2001
41%
Thessaloniki 1997
41%
Kaunas 2022
38%
Glasgow 1990
35%
Antwerpen 1993
27%
Cork 2005
27%
Genova 2004
27%
Stavanger 2008
27%
Bologna 2000
22%
Graz 2003
22%
Lille 2004
22%
San Sebastián 2016
19%
Bodø 2024
16%
Santiago de Compostela 2000
16%
Wrocław 2016
16%
Essen 2010
14%
Linz 2009
14%
Maribor 2012
14%
Pécs 2010
14%
Plovdiv 2019
14%
Galway 2020
11%
Košice 2013
11%
Rijeka 2020
11%
Timișoara 2021
11%
Avignon 2000
8%
Brugge 2002
8%
Chemnitz 2025
8%
Esch 2022
8%
Leeuwarden 2018
8%
Páfos 2017
8%
Plzeň 2015
8%
Salamanca 2002
8%
Trenčín 2026
8%
Bad Ischl 2024
5%
Guimarães 2012
5%
Mons 2015
5%
Nova Gorica 2025
5%
Patras 2006
5%
Sibiu 2007
5%
Veszprém 2023
5%
Weimar 1999
5%
Elefsína 2021
3%
Matera 2019
3%
Ehtoja vastaavia visoja ei löytynyt
Tulosjakauma
Jokaisen tuloksen saaneiden osuus
Persentiili vastausten määrän mukaan
Tuloshistoriasi
Et ole pelannut tätä visaa